Statistiche per Leader mondiali

Clicka qui per fare il quiz!

Statistiche generali

  • Questo quiz è stato fatto 56 volte
  • Il punteggio medio è 18 su 24

Statistiche sulle risposte

GroupLeader% Corretto
di una RepubblicaPresidente
100%
di una monarchiaRe (o Regina)
100%
della Chiesa CattolicaPapa
100%
di un imperoImperatore
98%
di una cittàSindaco
98%
Russia, prima del 1918Zar
94%
dell'Italia fascistaDuce
94%
Antico EgittoFaraone
90%
di un ducatoDuca
90%
Germania (oggi)Cancelliere
88%
Germania nazistaFührer
83%
Serenissima Repubblica di VeneziaDoge
83%
di una naveCapitano
81%
di una regione italianaGovernatore
79%
di una Diocesi CattolicaVescovo
79%
MongoliaKhan
65%
Germania o Austria, prima del 1918Kaiser
63%
dell' Impero OttomanoSultano
54%
Iran, prima del 1979Scià
54%
della Repubblica Romana (co-leader)Console
46%
della spagna franchistaCaudillo
42%
di una Chiesa Ortodossa orientalePatriarca
38%
Giappone (Dittatore militare, prima del 1867)Shogun
35%
di una colonia spagnolaVicerè
27%

Distribuzione punteggi

Percentile per numero di risposta

Percentuale di utenti per punteggio

I tuoi punteggi nel tempo

Non hai fatto questo quiz